A XX. század magyar társadalma

Úvodník sa zaoberá úvahou na tému rozvoja ľudskej spoločnosti v 19. a na začiatku 20. storočia.

Bibliographic Details
Main Author: Páll, Július (Author)
Format: Article
Language:Hungarian
Subjects:
Source: 1. Homonna és Vidéke : Vegyes tartalmu közmüvelődési, szépirodalmi és közgazdasági hetilap 1. Roč. 10, č. 2 (13.01.1910) s. 1 a 2
LEADER 01042nab#a2200325#ar4500
001 000069421
003 SVKKK
005 20000411xxxxxxx.
008 06 c xo huno
FMT
038 |a SVKKK 
040 |a SVKKK  |b slo  |e AACR2 
041 0 |a hun 
044 |a xo  |c SK 
080 |a 394 
100 1 |a Páll, Július  |4 aut 
242 1 0 |a Uhorská spoločnosť XX. storočia 
245 1 0 |a A XX. század magyar társadalma  |c Július Páll 
500 |a Gyula 
500 |a mikrofilm 
520 2 |a Úvodník sa zaoberá úvahou na tému rozvoja ľudskej spoločnosti v 19. a na začiatku 20. storočia. 
650 0 4 |a život spoločenský a verejný - rozvoj - storočie začínajúce (20.) - úvahy - Humenné - január 1910 - úvodníky 
773 0 |t Homonna és Vidéke : Vegyes tartalmu közmüvelődési, szépirodalmi és közgazdasági hetilap  |g Roč. 10, č. 2 (13.01.1910) s. 1 a 2 
957 |a Humenné 
958 |a DG 
958 |a SK 
974 |a Ba  |d 20000411 
992 |a RBX 
BAS
998 |a RETRO